[Event "102nd YMCA Winter B"]
[Site "Warszawa"]
[Date "2012.01.24"]
[Round "4"]
[White "Sujkowski, Pawel"]
[Black "Szefer, Michal"]
[Result "1/2-1/2"]
[WhiteElo "2014"]
[BlackElo "2016"]
[Annotator "M"]
[PlyCount "115"]
[EventDate "2012.01.03"]
[EventType "tourn"]
[EventRounds "1"]
[EventCountry "POL"]
[SourceDate "2012.01.03"]

1. d4 Nf6 2. c4 c5 3. d5 b5 4. cxb5 a6 5. e3 e6 6. Nc3 Bb7 7. e4 axb5 8. Bxb5
Qb6 9. a4 Na6 10. Nf3 Nc7 11. Bc4 Nxe4 12. Nxe4 exd5 13. Ned2 dxc4 14. Nxc4
Qe6+ 15. Ne3 Ba6 16. Ng5 Qe7 17. f4 h6 18. Nf3 Qe4 19. Kf2 c4 20. Qc2 Qxc2+ 21.
Nxc2 Bc5+ 22. Be3 Bxe3+ 23. Nxe3 O-O 24. Rhd1 Rab8 25. Rxd7 Rxb2+ 26. Kg3 Ne6
27. Rc1 Rc8 28. Nd5 Nc5 29. Ne7+ Kf8 30. Nxc8 Nxd7 31. Nd6 Rb4 32. a5 Ra4 33.
Rc2 Ke7 34. Nf5+ Kf6 35. Ne3 Rxa5 36. Nxc4 Rc5 37. Ne3 Rxc2 38. Nxc2 Nc5 39.
Kf2 Kf5 $11 40. Ke3 Bf1 41. Ncd4+ Kf6 42. g4 Ne6 43. Nc6 g6 44. Nb4 Ke7 45. h4
f6 46. Nd5+ Kf7 47. Nc3 Bh3 48. Nh2 h5 49. g5 fxg5 50. fxg5 Ke7 51. Nf3 Bf5 52.
Ne2 Kd6 53. Ng3 Ng7 54. Nd4 Bb1 55. Nb5+ Ke5 56. Nd4 Nf5+ 57. Ndxf5 Bxf5 58.
Ne2 $11 1/2-1/2

[Event "102nd YMCA Winter B"]
[Site "Warszawa"]
[Date "2012.02.07"]
[Round "4"]
[White "Safanowski, Tomasz"]
[Black "Winiarski , Mikolaj"]
[Result "1-0"]
[WhiteElo "1933"]
[BlackElo "1873"]
[Annotator "M"]
[PlyCount "93"]
[EventDate "2012.01.03"]
[EventType "tourn"]
[EventRounds "1"]
[EventCountry "POL"]
[SourceDate "2012.01.03"]

1. d3 g6 2. f4 Bg7 3. Nf3 d5 4. e3 Nh6 5. Be2 O-O 6. Nc3 Nc6 7. d4 b6 8. a3 Na5
9. O-O Bb7 10. Bd3 c5 11. b4 Nc4 12. Qe2 cxd4 13. exd4 Rc8 14. Nd1 e6 15. Ne5
Nf5 16. Bxf5 exf5 17. Ne3 Nxe3 18. Bxe3 f6 19. Nf3 Rc3 20. Bd2 Rxc2 21. Rfe1
Qd7 22. b5 Rcc8 23. Qe7 Rf7 24. Qe2 Bf8 25. Bb4 Bd6 26. Ne5 fxe5 27. fxe5 Bxe5
28. dxe5 Qe6 29. Bd6 $11 f4 30. Rac1 Rc4 31. Rf1 Re4 32. Qd3 Re3 33. Qd4 Re4
34. Qd3 Rc4 35. Qe2 Rxc1 36. Rxc1 d4 37. Rc6 f3 38. gxf3 Bxc6 39. bxc6 Rf5 40.
c7 Rg5+ 41. Kh1 Qf5 42. Qc4+ Kg7 43. Qf1 d3 44. e6 Qxe6 45. h4 Rd5 46. Qa1+ Kf7
47. Qh8 $138 1-0

[Event "102nd YMCA Winter B"]
[Site "Warszawa"]
[Date "2012.01.26"]
[Round "4"]
[White "Harazinska, Ewa"]
[Black "Suliborski, Jakub"]
[Result "1-0"]
[WhiteElo "1900"]
[BlackElo "1987"]
[PlyCount "115"]
[EventDate "2012.01.03"]
[EventType "tourn"]
[EventRounds "1"]
[EventCountry "POL"]
[SourceDate "2012.01.03"]

1. d4 d5 2. c4 c6 3. Nf3 Nf6 4. e3 a6 5. Nc3 b5 6. cxd5 cxd5 7. Bd3 Bg4 8. h3
Bh5 9. O-O e6 10. Be2 Bd6 11. Ne1 Bxe2 12. Qxe2 Nbd7 13. Nd3 Ne4 14. Bd2 f5 15.
Nxe4 fxe4 16. Nb4 O-O 17. Rac1 a5 18. Nc6 Qb6 19. Rc2 b4 20. Rfc1 Kh8 21. Be1
a4 22. Ne5 Bxe5 23. Rc6 Qb8 24. dxe5 Nxe5 25. Rxe6 Nd3 26. Rcc6 b3 27. a3 Ra7
28. Rc3 Raf7 29. Rec6 h6 30. Rxd3 exd3 31. Qxd3 Rc7 32. Rxc7 Qxc7 33. Bc3 Qf7
34. f3 Qf5 35. Qa6 Qg5 36. Qe2 Re8 37. Bd4 Rc8 38. Bc3 Qg6 39. Bd4 Rc2 40. Qf1
Qg3 41. f4 Qg6 42. Qf3 Qf5 43. Qg3 Rc7 44. Kh2 Kh7 45. Kg1 g6 46. Qh4 g5 47.
fxg5 Rc1+ 48. Kh2 Qxg5 49. Qf2 Kg8 50. Qf3 Rc6 51. Qf2 Rg6 52. Qf3 Qd8 53. Qf5
Qd6+ 54. Be5 Qc6 55. Bd4 Rxg2+ 56. Kxg2 Qc2+ 57. Qf2 Qe4+ 58. Qf3 1-0

[Event "102nd YMCA Winter B"]
[Site "Warszawa"]
[Date "2012.02.03"]
[Round "5"]
[White "Suliborski, Jakub"]
[Black "Pettersson, Alexander"]
[Result "1-0"]
[WhiteElo "1987"]
[BlackElo "1948"]
[PlyCount "123"]
[EventDate "2012.01.03"]
[EventType "tourn"]
[EventRounds "1"]
[EventCountry "POL"]
[SourceDate "2012.01.03"]

1. e4 c6 2. d4 d5 3. e5 Bf5 4. h4 h5 5. Bg5 Qb6 6. Bd3 Bxd3 7. Qxd3 e6 8. Nd2
Ne7 9. c4 Nf5 10. Ne2 Be7 11. Rb1 Na6 12. a3 Qd8 13. Bxe7 Qxe7 14. g3 dxc4 15.
Qxc4 Rd8 16. b4 Nc7 17. Nb3 O-O 18. O-O Nd5 19. Nc5 Rc8 20. Qd3 Rfd8 21. Qf3 g6
22. Rfd1 Rc7 23. Ne4 Qf8 24. Rb3 Qh6 25. Rbd3 Re7 26. Nc1 Ng7 27. Nb3 Ne8 28.
Nbd2 Nb6 29. Kg2 Red7 30. Nb3 Nc4 31. Nbc5 Rc7 32. Rc3 Nb6 33. Ng5 Re7 34. Qe4
Ng7 35. Rb3 a6 36. Rbd3 Nd5 37. Qe1 Rc7 38. f3 Nf5 39. Qf2 Re7 40. Rh1 Qf8 41.
Qd2 Nh6 42. Nce4 Red7 43. Nf2 Nf5 44. g4 Ng7 45. Nfe4 Qe7 46. Nc5 Rc7 47. Nge4
Kh7 48. Kg3 Rh8 49. Qg5 Qxg5 50. hxg5 Kg8 51. Nf6+ Kf8 52. Rd2 Nb6 53. Rdh2 Nc4
54. a4 Ke7 55. gxh5 gxh5 56. Nxh5 Nf5+ 57. Kf2 Nb6 58. Nf6 Rxh2+ 59. Rxh2 Nd5
60. Rh8 Ng7 61. Rg8 b6 62. Nce4 1-0

[Event "102nd YMCA Winter B"]
[Site "Warszawa"]
[Date "2012.02.02"]
[Round "5"]
[White "Winiarski , Mikolaj"]
[Black "Harazinska, Ewa"]
[Result "1-0"]
[WhiteElo "1873"]
[BlackElo "1900"]
[PlyCount "55"]
[EventDate "2012.01.03"]
[EventType "tourn"]
[EventRounds "1"]
[EventCountry "POL"]
[SourceDate "2012.01.03"]

1. f4 d5 2. Nf3 Bg4 3. g3 e6 4. Bg2 Nf6 5. Ne5 Bf5 6. d3 Nbd7 7. Nxd7 Qxd7 8.
O-O Bc5+ 9. e3 h5 10. Qe1 O-O-O 11. b4 Be7 12. Bb2 h4 13. e4 Bg6 14. e5 Nh7 15.
g4 Qc6 16. Qf2 Bxb4 17. Bd4 f6 18. a3 Ba5 19. f5 Bf7 20. c4 fxe5 21. Bxe5 Nf6
22. h3 Bb6 23. d4 Qxc4 24. Nd2 Qd3 25. Rfc1 c6 26. Bf1 Ne4 27. Bxd3 Nxf2 28.
Kxf2 1-0

[Event "102nd YMCA Winter B"]
[Site "Warszawa"]
[Date "2012.02.02"]
[Round "5"]
[White "Szefer, Michal"]
[Black "Safanowski, Tomasz"]
[Result "1/2-1/2"]
[WhiteElo "2016"]
[BlackElo "1933"]
[PlyCount "73"]
[EventDate "2012.01.03"]
[EventType "tourn"]
[EventRounds "1"]
[EventCountry "POL"]
[SourceDate "2012.01.03"]

1. e4 d6 2. d4 Nf6 3. Nc3 Nbd7 4. f4 e5 5. Nf3 c6 6. a4 exd4 7. Nxd4 Nc5 8. Bd3
Bg4 9. Nf3 Qe7 10. O-O O-O-O 11. Re1 d5 12. exd5 Bxf3 13. gxf3 Qc7 14. dxc6
bxc6 15. Bf5+ Kb8 16. Qe2 Bd6 17. b4 Rhe8 18. Qf1 Rxe1 19. Qxe1 Re8 20. Qf1 Ne6
21. b5 Bxf4 22. bxc6 Nd4 23. Nb5 Bxh2+ 24. Kh1 Qg3 25. Nxd4 Qh4 26. Qb5+ Kc7
27. Qb7+ Kd6 28. Ba3+ Ke5 29. Qb5+ Nd5 30. Qe2+ Kf6 31. Qxh2 Re1+ 32. Rxe1
Qxe1+ 33. Kg2 Qd2+ 34. Kg3 Qf4+ 35. Kg2 Qd2+ 36. Kg3 Qf4+ 37. Kg2 1/2-1/2

[Event "102nd YMCA Winter B"]
[Site "Warszawa"]
[Date "2012.01.31"]
[Round "5"]
[White "Kubeczko, Grzegorz"]
[Black "Sujkowski, Pawel"]
[Result "0-1"]
[WhiteElo "2017"]
[BlackElo "2014"]
[PlyCount "58"]
[EventDate "2012.01.03"]
[EventType "tourn"]
[EventRounds "1"]
[EventCountry "POL"]
[SourceDate "2012.01.03"]

1. c4 c5 2. g3 g6 3. Bg2 Bg7 4. Nc3 Nc6 5. Nf3 e5 6. d3 Nge7 7. O-O O-O 8. Nd5
d6 9. Ne1 Bg4 10. Bf3 Bh3 11. Nxe7+ Qxe7 12. Ng2 Nd4 13. Bd5 Rab8 14. e3 Ne6
15. Rb1 b5 16. b3 Nc7 17. e4 Kh8 18. f3 f5 19. Bd2 Nxd5 20. cxd5 b4 21. Qc1 a5
22. Bg5 Qd7 23. Rb2 Ra8 24. Rff2 Bxg2 25. Rxg2 a4 26. bxa4 Rxa4 27. h4 Ra3 28.
Qc4 Rfa8 29. Bc1 Rc3 0-1

[Event "102nd YMCA Winter B"]
[Site "Warszawa"]
[Date "2012.02.02"]
[Round "5"]
[White "Rusin, Ryszard"]
[Black "Pastuszko, Kinga"]
[Result "0-1"]
[WhiteElo "1897"]
[BlackElo "1912"]
[PlyCount "62"]
[EventDate "2012.01.03"]
[EventType "tourn"]
[EventRounds "1"]
[EventCountry "POL"]
[SourceDate "2012.01.03"]

1. d4 d5 2. c4 e6 3. Nc3 Nf6 4. Nf3 Be7 5. Bg5 O-O 6. e3 Nbd7 7. Bd3 dxc4 8.
Bxc4 a6 9. a3 b5 10. Ba2 c5 11. dxc5 Nxc5 12. O-O Bb7 13. Nd4 Nfe4 14. Bxe7
Qxe7 15. Rc1 Rfd8 16. Qg4 Nf6 17. Qh4 Rac8 18. Rfd1 Ncd7 19. f3 Ne5 20. Qf2 Nc4
21. Rc2 Nxb2 22. Rb1 Nc4 23. Bxc4 Rxc4 24. Rb3 Rdc8 25. Qd2 Qc5 26. Na4 Rxc2
27. Qd3 bxa4 28. Rxb7 Rc3 29. Qxa6 Rxe3 30. Rb1 Rc3 31. Rb4 Nd5 0-1

[Event "102nd YMCA Winter B"]
[Site "Warszawa"]
[Date "2012.02.02"]
[Round "5"]
[White "Milczarek, Robert"]
[Black "Szukalski, Antoni"]
[Result "1-0"]
[WhiteElo "1864"]
[BlackElo "1858"]
[PlyCount "79"]
[EventDate "2012.01.03"]
[EventType "tourn"]
[EventRounds "1"]
[EventCountry "POL"]
[SourceDate "2012.01.03"]

1. d4 d5 2. c4 c6 3. Nf3 Nf6 4. Nc3 e6 5. e3 Be7 6. Qc2 Nbd7 7. b3 Bb4 8. Bd3
Ne4 9. Bxe4 dxe4 10. Nd2 f5 11. O-O Nf6 12. Bb2 O-O 13. a3 Bd6 14. f3 exf3 15.
Nxf3 b6 16. e4 Bc7 17. Rad1 Qe8 18. Rfe1 Qg6 19. e5 Ne8 20. b4 Bb7 21. Qe2 Rd8
22. a4 Rf7 23. Bc1 Rfd7 24. Bg5 Rc8 25. Be3 h6 26. b5 Rcd8 27. Kh1 Qf7 28. Rd2
g5 29. Red1 Qe7 30. bxc6 Bxc6 31. d5 exd5 32. cxd5 Bb7 33. d6 Nxd6 34. exd6
Bxd6 35. Qc4+ Kh7 36. Bf2 Bxf3 37. gxf3 Qe5 38. Bg3 f4 39. Bf2 Rc7 40. Qe4+ 1-0

[Event "102nd YMCA Winter B"]
[Site "Warszawa"]
[Date "2012.02.07"]
[Round "5"]
[White "Szymczak, Rafal"]
[Black "Koziol, Pawel"]
[Result "1-0"]
[WhiteElo "2038"]
[BlackElo "1859"]
[Annotator "M"]
[PlyCount "45"]
[EventDate "2012.01.03"]
[EventType "tourn"]
[EventRounds "1"]
[EventCountry "POL"]
[SourceDate "2012.01.03"]

1. f4 d5 2. Nf3 Bg4 3. Ne5 Bf5 4. c4 dxc4 5. Qa4+ Nd7 6. Qxc4 Nxe5 7. fxe5 c6
8. Nc3 e6 9. g3 h5 10. Bg2 Qc7 11. d4 Be7 12. e4 Bg6 13. Bf4 O-O-O $11 14.
O-O-O h4 15. d5 cxd5 16. Qxc7+ Kxc7 17. exd5 Bb4 18. dxe6 Bxc3 19. exf7 Bxb2+
20. Kxb2 Ne7 21. e6+ Kb6 22. Rxd8 Rxd8 23. Bg5 1-0

[Event "102nd YMCA Winter B"]
[Site "Warszawa"]
[Date "2012.02.09"]
[Round "6"]
[White "Pettersson, Alexander"]
[Black "Koziol, Pawel"]
[Result "1-0"]
[WhiteElo "1948"]
[BlackElo "1859"]
[Annotator "M"]
[PlyCount "71"]
[EventDate "2012.01.03"]
[EventType "tourn"]
[EventRounds "1"]
[EventCountry "POL"]
[SourceDate "2012.01.03"]

1. d4 d5 2. Nf3 e6 3. e3 f5 4. c4 Nf6 5. Bd3 c6 6. Nc3 Bd6 7. h3 Nbd7 8. Qc2
Ne4 9. g4 Ndf6 10. gxf5 exf5 11. Rg1 O-O 12. Bd2 Be6 13. cxd5 cxd5 14. Ke2 Rc8
15. Qb3 Qe7 16. Nb5 Nxd2 17. Nxd2 Bb8 18. f4 Qf7 19. Rg3 $11 Ne4 20. Rf3 Qd7
21. Nc3 Bf7 22. Rg1 Nxc3+ 23. bxc3 Bh5 24. Rg5 Bxf3+ 25. Nxf3 Kh8 26. Kd2 Rf6
27. h4 h6 28. Rg1 Rb6 29. Qc2 Re8 30. Bxf5 Qe7 31. Ne5 Bxe5 32. dxe5 Qxh4 33.
Rg2 Qh1 34. Re2 Rf8 35. Bd3 Qa1 36. Re1 1-0

[Event "102nd YMCA Winter B"]
[Site "Warszawa"]
[Date "2012.02.22"]
[Round "6"]
[White "Szukalski, Antoni"]
[Black "Szymczak, Rafal"]
[Result "0-1"]
[WhiteElo "1858"]
[BlackElo "2038"]
[PlyCount "112"]
[EventDate "2012.01.03"]
[EventType "tourn"]
[EventRounds "1"]
[EventCountry "POL"]
[SourceDate "2012.01.03"]

1. e4 c6 2. d4 d5 3. Nc3 dxe4 4. Nxe4 Bf5 5. Ng3 Bg6 6. Nf3 Nd7 7. Bd3 e6 8.
O-O Ngf6 9. Re1 Be7 10. c3 Qc7 11. Qc2 O-O-O 12. Bg5 Bxd3 13. Qxd3 h6 14. Be3
Nd5 15. Bd2 g5 16. b4 g4 17. Ne5 Nxe5 18. Rxe5 Nxb4 19. Qe2 Nd5 20. Qxg4 Bd6
21. Ree1 h5 22. Qf3 h4 23. Nf1 Rhg8 24. c4 Nf4 25. Bxf4 Bxf4 26. Re4 Bg5 27.
Rd1 Kb8 28. a4 Rg6 29. Kh1 Rf6 30. Qe2 Rf5 31. c5 Qa5 32. Ne3 Bxe3 33. fxe3
Qxa4 34. Rxh4 Rxc5 35. Rf1 Rc2 36. Qf3 f5 37. Qf4+ Ka8 38. Qc7 Rb8 39. Qe5 Qc4
40. Rg1 Qd5 41. Qg7 a5 42. h3 a4 43. Rh8 Rxh8 44. Qxh8+ Ka7 45. Qf8 Qb3 46. Ra1
b5 47. Qe7+ Ka6 48. Qc7 Qb2 49. Qc8+ Ka5 50. Qc7+ Kb4 51. Qd6+ c5 52. Rg1 a3
53. dxc5 Rxc5 54. Rd1 e5 55. Rd2 Qc3 56. Rd3 a2 0-1

[Event "102nd YMCA Winter B"]
[Site "Warszawa"]
[Date "2012.02.09"]
[Round "6"]
[White "Pastuszko, Kinga"]
[Black "Milczarek, Robert"]
[Result "1-0"]
[WhiteElo "1912"]
[BlackElo "1864"]
[PlyCount "77"]
[EventDate "2012.01.03"]
[EventType "tourn"]
[EventRounds "1"]
[EventCountry "POL"]
[SourceDate "2012.01.03"]

1. d4 Nf6 2. Nc3 d5 3. Bg5 Bf5 4. f3 Nbd7 5. Qd2 h6 6. Bh4 c6 7. g4 Bg6 8.
O-O-O Qa5 9. e3 e6 10. Bd3 Bxd3 11. Qxd3 Bb4 12. Nge2 O-O-O 13. a3 Be7 14. Bg3
b5 15. Kb1 Nb6 16. Be1 Qa6 17. Na2 Nc4 18. Bb4 Bxb4 19. Nxb4 Qb6 20. Nc1 a5 21.
Nba2 Kc7 22. Nb3 Kb7 23. Nc5+ Ka7 24. Nc1 e5 25. Rhe1 Rhe8 26. Qc3 g5 27. e4
exd4 28. Qxd4 dxe4 29. Qxf6 Rxd1 30. Qxf7+ Ka8 31. Rxd1 Rb8 32. Nd7 Qb7 33. Qe6
Rd8 34. Nc5 Rxd1 35. Nxb7 Nd2+ 36. Ka2 Kxb7 37. Qd7+ Kb6 38. fxe4 b4 39. Nb3
1-0

[Event "102nd YMCA Winter B"]
[Site "Warszawa"]
[Date "2012.02.07"]
[Round "6"]
[White "Sujkowski, Pawel"]
[Black "Rusin, Ryszard"]
[Result "0-1"]
[WhiteElo "2014"]
[BlackElo "1897"]
[PlyCount "44"]
[EventDate "2012.01.03"]
[EventType "tourn"]
[EventRounds "1"]
[EventCountry "POL"]
[SourceDate "2012.01.03"]

1. d4 Nf6 2. Nf3 d6 3. c4 g6 4. Nc3 Bg7 5. e4 O-O 6. Be2 c5 7. d5 Bg4 8. Nd2
Bxe2 9. Qxe2 Nbd7 10. O-O a6 11. f4 Ne8 12. Nf3 Nc7 13. a4 b5 14. axb5 axb5 15.
Rxa8 Qxa8 16. cxb5 Rb8 17. Rd1 Qa5 18. e5 Nxb5 19. exd6 Nxc3 20. bxc3 exd6 21.
Qe7 Qd8 22. Qxd6 Rb6 0-1

[Event "102nd YMCA Winter B"]
[Site "Warszawa"]
[Date "2012.02.09"]
[Round "6"]
[White "Safanowski, Tomasz"]
[Black "Kubeczko, Grzegorz"]
[Result "0-1"]
[WhiteElo "1933"]
[BlackElo "2017"]
[PlyCount "108"]
[EventDate "2012.01.03"]
[EventType "tourn"]
[EventRounds "1"]
[EventCountry "POL"]
[SourceDate "2012.01.03"]

1. Nf3 d5 2. d4 Nf6 3. e3 c6 4. Bd3 Bg4 5. Nbd2 Nbd7 6. c4 e6 7. O-O Bd6 8. c5
Be7 9. b4 a5 10. b5 e5 11. Be2 e4 12. Ne1 Bxe2 13. Qxe2 Ng8 14. f3 f5 15. a4
Bf6 16. fxe4 fxe4 17. b6 Nxc5 18. dxc5 Bxa1 19. Nb3 Bf6 20. Nc2 Ne7 21. Ncd4
Qd7 22. Qh5+ Ng6 23. Nf5 O-O 24. Bd2 Ne7 25. Nd6 g6 26. Qh3 Qxh3 27. gxh3 Bg5
28. Rxf8+ Rxf8 29. Nd4 Rb8 30. Ne6 Bh6 31. Kf2 Nf5 32. Nxf5 gxf5 33. Nc7 Bf8
34. Ne6 Kf7 35. Ng5+ Kg6 36. Ne6 Kf6 37. Nxf8 Rxf8 38. Bxa5 Kg5 39. Bd2 Kh4 40.
a5 Kxh3 41. Bc3 Re8 42. Kg1 Kg4 43. Kf2 f4 44. h3+ Kxh3 45. exf4 Kg4 46. a6
Kxf4 47. a7 e3+ 48. Ke2 Ke4 49. Bf6 d4 50. Be7 d3+ 51. Kd1 Rg8 52. Kc1 Kf3 53.
Bd6 Ra8 54. Be7 Ke2 0-1

[Event "102nd YMCA Winter B"]
[Site "Warszawa"]
[Date "2012.02.08"]
[Round "6"]
[White "Harazinska, Ewa"]
[Black "Szefer, Michal"]
[Result "1-0"]
[WhiteElo "1900"]
[BlackElo "2016"]
[PlyCount "57"]
[EventDate "2012.01.03"]
[EventType "tourn"]
[EventRounds "1"]
[EventCountry "POL"]
[SourceDate "2012.01.03"]

1. d4 Nf6 2. c4 c5 3. d5 b5 4. Qc2 Na6 5. Bd2 Bb7 6. e4 bxc4 7. Bxc4 e6 8. Qd3
Qb6 9. dxe6 fxe6 10. Nc3 Nb4 11. Qb1 Ba6 12. b3 d5 13. exd5 exd5 14. Nxd5 Nbxd5
15. Bxd5 Rd8 16. Bf3 Be7 17. Ne2 O-O 18. Bc3 Nd5 19. Bxd5+ Rxd5 20. Qe4 Rdd8
21. Qxe7 Rf7 22. Qe5 Qb5 23. O-O Re8 24. Qd5 Rxe2 25. a4 Qb6 26. Rae1 Bb7 27.
Qd1 Qc6 28. Qd8+ Rf8 29. Qg5 1-0

[Event "102nd YMCA Winter B"]
[Site "Warszawa"]
[Date "2012.02.10"]
[Round "6"]
[White "Suliborski, Jakub"]
[Black "Winiarski , Mikolaj"]
[Result "1-0"]
[WhiteElo "1987"]
[BlackElo "1873"]
[PlyCount "119"]
[EventDate "2012.01.03"]
[EventType "tourn"]
[EventRounds "1"]
[EventCountry "POL"]
[SourceDate "2012.01.03"]

1. e4 c5 2. Nf3 Nc6 3. d4 cxd4 4. Nxd4 Nf6 5. Nc3 e6 6. Nxc6 bxc6 7. Bd3 d5 8.
O-O Be7 9. e5 Nd7 10. f4 Ba6 11. Qe2 Bxd3 12. cxd3 Bc5+ 13. Kh1 O-O 14. Bd2 f6
15. Qg4 f5 16. Qf3 Rb8 17. Na4 Bd4 18. Rac1 c5 19. b3 Qe7 20. Bc3 Rfc8 21. Bxd4
cxd4 22. Qf2 Qb4 23. Qb2 Rxc1 24. Qxc1 Qb5 25. Rd1 Nb6 26. Nxb6 Rxb6 27. Qc8+
Kf7 28. Qc7+ Kg6 29. Qxa7 Qc6 30. h4 h6 31. Rf1 Rb7 32. Qxd4 Qa6 33. Rf2 Qa5
34. Qe3 Qc3 35. Qg3+ Kf7 36. h5 Rc7 37. Kh2 Qe1 38. Rf3 Qxg3+ 39. Kxg3 Rc3 40.
d4 Rc1 41. b4 Ke7 42. Rb3 Kd7 43. b5 Rc4 44. b6 Kc8 45. Kf3 Rxd4 46. g4 fxg4+
47. Kxg4 Kb7 48. a3 Rd1 49. Kf3 Rf1+ 50. Ke3 Re1+ 51. Kd4 Rc1 52. Rb4 Rd1+ 53.
Kc5 Rc1+ 54. Kb5 Rc6 55. a4 Rc1 56. a5 Ra1 57. f5 exf5 58. e6 Re1 59. a6+ Ka8
60. Kc5 1-0

[Event "102nd YMCA Winter B"]
[Site "Warszawa"]
[Date "2012.02.16"]
[Round "7"]
[White "Winiarski , Mikolaj"]
[Black "Pettersson, Alexander"]
[Result "0-1"]
[WhiteElo "1873"]
[BlackElo "1948"]
[Annotator "M"]
[PlyCount "60"]
[EventDate "2012.01.03"]
[EventType "tourn"]
[EventRounds "1"]
[EventCountry "POL"]
[SourceDate "2012.01.03"]

1. e4 c6 2. d4 d5 3. Nc3 dxe4 4. Nxe4 Nd7 5. Ng5 Ngf6 6. Bd3 e6 7. N1f3 Bd6 8.
Qe2 h6 9. Ne4 Nxe4 10. Qxe4 Qc7 11. O-O b6 12. Qg4 Kf8 13. Re1 Bb7 14. Nh4 Nf6
15. Qh3 c5 16. Rxe6 Rd8 17. dxc5 bxc5 18. Re1 c4 19. Bf5 g5 20. Nf3 Kg7 21. Be3
Bf4 22. Bd4 h5 23. Bxf6+ Kxf6 24. g3 Bxf3 25. gxf4 Qxf4 26. Re3 g4 27. Qh4+
Kxf5 28. Rae1 f6 29. Re7 Kg6 30. h3 Rd5 $138 0-1

[Event "102nd YMCA Winter B"]
[Site "Warszawa"]
[Date "2012.02.22"]
[Round "7"]
[White "Szefer, Michal"]
[Black "Suliborski, Jakub"]
[Result "1/2-1/2"]
[WhiteElo "2016"]
[BlackElo "1987"]
[Annotator "M"]
[PlyCount "80"]
[EventDate "2012.01.03"]
[EventType "tourn"]
[EventRounds "1"]
[EventCountry "POL"]
[SourceDate "2012.01.03"]

1. e4 c5 2. Nf3 d6 3. d4 cxd4 4. Nxd4 Nf6 5. Nc3 a6 6. Bg5 e6 7. f4 Be7 8. Qf3
h6 9. Bxf6 Bxf6 10. O-O-O Qb6 11. Nb3 Qc7 12. e5 dxe5 13. Ne4 Nc6 14. Nxf6+
gxf6 15. fxe5 Qxe5 16. Kb1 Bd7 17. g3 O-O-O 18. Bg2 f5 19. Rhe1 Qc7 20. Nc5 Na5
21. Nxa6 Qb6 22. Qc3+ Bc6 23. Nb4 Rxd1+ 24. Rxd1 Rd8 25. Rxd8+ Qxd8 $11 26. a3
Qd1+ 27. Ka2 Kd7 28. Nxc6 Nxc6 29. Bf3 Qf1 30. Qd2+ Kc7 31. Bg2 Qc4+ 32. b3 Qc5
33. Bxc6 Kxc6 34. Kb2 Qe5+ 35. c3 h5 36. a4 Qd5 37. Qe2 e5 38. Qxh5 Qd2+ 39.
Ka3 Qxc3 40. Qxf5 Qa1+ $11 1/2-1/2

[Event "102nd YMCA Winter B"]
[Site "Warszawa"]
[Date "2012.02.15"]
[Round "7"]
[White "Kubeczko, Grzegorz"]
[Black "Harazinska, Ewa"]
[Result "1/2-1/2"]
[WhiteElo "2017"]
[BlackElo "1900"]
[Annotator "M"]
[PlyCount "133"]
[EventDate "2012.01.03"]
[EventType "tourn"]
[EventRounds "1"]
[EventCountry "POL"]
[SourceDate "2012.01.03"]

1. c4 c5 2. g3 g6 3. Bg2 Nc6 4. Nc3 Bg7 5. d3 e5 6. e4 Nge7 7. Nge2 O-O 8. Be3
d6 9. Qd2 Nd4 10. f3 Bd7 11. Kf2 f5 12. Bh6 Nec6 13. h4 Nxe2 14. Nxe2 fxe4 15.
dxe4 Bxh6 16. Qxh6 Qf6 17. Raf1 Nd4 18. Ke3 b5 19. Nc3 bxc4 20. h5 g5 21. Qxf6
Rxf6 22. Nd5 Rff8 23. h6 Rab8 24. Rf2 Be8 25. Rc1 Bc6 26. Rxc4 Bxd5 27. exd5
Rf6 28. Ra4 Rb7 29. g4 Rxh6 30. Ra6 Kf7 31. Rd2 Ke7 32. Kf2 Rf6 33. Kg3 Kd7 34.
Rf2 Kc7 35. Bf1 Kb8 36. Bd3 Rbf7 37. Be4 Kb7 38. Ra3 Kb6 39. Rc3 a5 40. Re3 Kb5
41. Rh2 h6 42. Rh1 c4 43. Rh2 Rc7 44. Rc3 Kb6 45. Rf2 Rf8 46. Rh2 Rh8 47. Kf2
Nb5 48. Rc1 c3 49. a4 cxb2 50. Rb1 Nc3 51. Rxb2+ Ka7 52. Ke1 Nxe4 53. fxe4 Rc4
54. Rhc2 Rxe4+ 55. Kd1 Rxg4 56. Rc7+ Ka8 57. Rbb7 Rb4 58. Ra7+ Kb8 59. Rd7 h5
60. Rxa5 h4 61. Rda7 Rh6 62. R5a6 Rd4+ 63. Ke2 Rxd5 64. Rg7 h3 65. Rb6+ Kc8 66.
Ra6 Kb8 67. Rb6+ $11 1/2-1/2

[Event "102nd YMCA Winter B"]
[Site "Warszawa"]
[Date "2012.02.21"]
[Round "7"]
[White "Rusin, Ryszard"]
[Black "Safanowski, Tomasz"]
[Result "1/2-1/2"]
[WhiteElo "1897"]
[BlackElo "1933"]
[PlyCount "87"]
[EventDate "2012.01.03"]
[EventType "tourn"]
[EventRounds "1"]
[EventCountry "POL"]
[SourceDate "2012.01.03"]

1. d4 d6 2. Nf3 Nf6 3. c4 Nbd7 4. Nc3 e5 5. dxe5 dxe5 6. e4 c6 7. Qc2 Be7 8.
Be2 Qc7 9. h3 h6 10. Be3 Nb6 11. O-O Be6 12. b3 Nfd7 13. Rad1 a5 14. a4 Nc5 15.
Nd2 Na6 16. f4 exf4 17. Bxf4 Bc5+ 18. Kh1 Qe7 19. Nf3 Nd7 20. Nd4 g5 21. Nxe6
fxe6 22. Bh5+ Kd8 23. Bh2 Rf8 24. Rxf8+ Qxf8 25. Qd2 Qe7 26. Rf1 e5 27. Rf7 Qd6
28. Qxd6 Bxd6 29. Rh7 Bf8 30. Bg4 Nac5 31. Bg1 Rb8 32. Ne2 b5 33. cxb5 cxb5 34.
Nc3 bxa4 35. bxa4 Rb7 36. Rh8 Ke7 37. Rh7+ Ke8 38. Nd5 Nxe4 39. Bf3 Ng3+ 40.
Kh2 Nf1+ 41. Kh1 Ng3+ 42. Kh2 Nf1+ 43. Kh1 Ng3+ 44. Kh2 1/2-1/2

[Event "102nd YMCA Winter B"]
[Site "Warszawa"]
[Date "2012.02.16"]
[Round "7"]
[White "Milczarek, Robert"]
[Black "Sujkowski, Pawel"]
[Result "0-1"]
[WhiteElo "1864"]
[BlackElo "2014"]
[Annotator "M"]
[PlyCount "66"]
[EventDate "2012.01.03"]
[EventType "tourn"]
[EventRounds "1"]
[EventCountry "POL"]
[SourceDate "2012.01.03"]

1. d4 Nf6 2. c4 c5 3. d5 e6 4. Nc3 exd5 5. cxd5 d6 6. e4 g6 7. Bd3 Bg7 8. h3
O-O 9. Nf3 Re8 10. O-O c4 11. Bxc4 Nxe4 12. Nxe4 Rxe4 13. Bd3 Re8 14. Rb1 Nd7
15. Re1 Rxe1+ 16. Qxe1 Ne5 17. Nxe5 Bxe5 18. Be3 $11 Qf6 19. Qd2 Bd4 20. Re1
Bd7 21. Re2 Re8 22. Bxd4 Qxd4 23. Rxe8+ Bxe8 24. Qe3 Qxe3 25. fxe3 Kg7 26. Kf2
Kf6 27. e4 Ke5 28. Ke3 f5 29. exf5 gxf5 30. g3 Bf7 31. Bc2 h6 32. a3 Bxd5 33.
h4 Be4 0-1

[Event "102nd YMCA Winter B"]
[Site "Warszawa"]
[Date "2012.02.23"]
[Round "7"]
[White "Szymczak, Rafal"]
[Black "Pastuszko, Kinga"]
[Result "1/2-1/2"]
[WhiteElo "2038"]
[BlackElo "1912"]
[PlyCount "114"]
[EventDate "2012.01.03"]
[EventType "tourn"]
[EventRounds "1"]
[EventCountry "POL"]
[SourceDate "2012.01.03"]

1. f4 d5 2. Nf3 c6 3. d3 Nf6 4. g3 Bg4 5. Bg2 Nbd7 6. c3 e6 7. O-O Bc5+ 8. Kh1
O-O 9. Qe1 Bxf3 10. Bxf3 e5 11. e4 dxe4 12. dxe4 Re8 13. f5 h6 14. Nd2 b5 15.
Nb3 Bb6 16. g4 Nh7 17. h4 Nc5 18. Nxc5 Bxc5 19. Qg3 Be7 20. g5 hxg5 21. Rg1 g4
22. Qxg4 Bf8 23. h5 Qf6 24. Rg2 Kh8 25. h6 Rad8 26. Bd2 g6 27. fxg6 fxg6 28.
Be3 Re6 29. Be2 g5 30. Rf1 Qg6 31. Bxa7 Bxh6 32. Be3 Rf6 33. Rf5 Rxf5 34. exf5
Qf6 35. Bf3 Rd3 36. Qe4 Rd6 37. Bc5 Rd5 38. b4 Kg8 39. Qe3 Rd8 40. Qe4 Rc8 41.
c4 Kh8 42. Bg4 Qg7 43. Bd6 Nf6 44. Bxe5 Nxe4 45. Bxg7+ Bxg7 46. f6 Rd8 47. Rh2+
Kg8 48. Be6+ Kf8 49. fxg7+ Kxg7 50. cxb5 cxb5 51. Rc2 Kf6 52. Bg4 Ke5 53. Kg2
Rd2+ 54. Rxd2 Nxd2 55. Be2 Kd4 56. Bxb5 Kc3 57. a3 Nb1 1/2-1/2